Statistics for Film Geeks #1

Click here to take the quiz!

General Stats

  • This quiz has been taken 31 times
  • The average score is 7 of 10

Answer Stats

HintAnswer% Correct
How many movies are there in the Monsters series?2
96%
What was the first ever Pixar movie?Toy Story
88%
When was Inside Out released?2015
85%
When was the new version of Aladdin released?2019
85%
What was the sequel to Finding Nemo?Finding Dory
85%
Who was the main character in Lightyear?Buzz Lightyear
81%
Who was the main character in Cars?Lightning McQueen
81%
What was the top grossing Disney Pixar movie?Toy Story 3
62%
Who composed the music for the Toy Story series?Randy Newman
46%
What was the first Pixar movie in 2022?Turning Red
23%

Score Distribution

Percentile by Number Answered

Percent of People with Each Score

Your Score History

You have not taken this quiz